[Event "75th ch-BUL Semi-Final"]
[Site "Plovdiv BUL"]
[Date "2011.02.09"]
[Round "4"]
[White "Slavov,H"]
[Black "Valkov,V"]
[Result "1/2-1/2"]
[WhiteElo "1717"]
[BlackElo "2082"]

1.d4 Nf6 2.c4 g6 3.Nf3 Bg7 4.g3 d6 5.Bg2 O-O 6.Nc3 c6 7.O-O a6 8.e4 Qc7 9.Be3 e5
10.dxe5 dxe5 11.Qc2 Be6 12.Na4 b5 13.cxb5 axb5 14.Nc3 b4 15.Na4 Na6 16.b3 h6
17.Rac1 Nb8 18.Rfd1 Nfd7 19.Nd2 Re8 20.Nc4 Bf8 21.Rd2 c5 22.Rcd1 Ra6 23.f4 Bxc4
24.Qxc4 Rd6 25.Rxd6 Bxd6 26.f5 g5 27.Bf3 Rd8 28.Qc1 Be7 29.h4 gxh4 30.gxh4 Bxh4
31.Kh1 Kh7 32.Rg1 Qc6 33.Rg4 Be7 34.Rg2 Bf8 35.Rh2 Bg7 36.Qc4 Rf8 37.Bh5 Nf6
38.Bxc5 Rc8 39.Bxf7 Qxe4+ 40.Qxe4 Nxe4 41.Be3 Ng3+ 42.Kg1 Nxf5 43.Be6 Rf8
44.Bc5 Rf6 45.Bxf5+ Rxf5 46.Bxb4 Nc6 47.Bd2 e4 48.Be3 Nd4 49.Rf2 Nf3+ 50.Kf1 h5
51.Nc5 Nh2+ 52.Ke2 Rxf2+ 53.Bxf2 Ng4 54.Nxe4 Nxf2 55.Nxf2 Kg6 56.b4 Kf5 57.Kf3 Ke5
58.a4 Kd5 59.b5 Kc5 60.Nd3+ Kb6 61.Nf4 Ka5 62.Ke4 Bf6 63.Kd5 Bd8 64.Nxh5 Kxa4
65.Kc6 Ka5 66.Nf4 Bb6 67.Ne6 Bg1 68.Nc5 Kb4  1/2-1/2

[Event "ch-TUR"]
[Site "Kemer-Antalya TUR"]
[Date "2011.02.11"]
[Round "8"]
[White "Akinci,M"]
[Black "Arat,Uf"]
[Result "1/2-1/2"]
[WhiteElo "1867"]
[BlackElo "2028"]

1.d4 Nf6 2.Nf3 g6 3.c4 Bg7 4.g3 O-O 5.Bg2 d6 6.Nc3 Nbd7 7.O-O e5 8.e4 exd4
9.Nxd4 Re8 10.Re1 a6 11.h3 Rb8 12.Rb1 c5 13.Nc2 Ne5 14.b3 b5 15.f4 Ned7 16.Qd3 b4
17.Nd1 Bb7 18.Nf2 Qc7 19.Bb2 Re6 20.Ba1 Rbe8 21.Rbd1 Qa5 22.e5 Bxg2 23.exf6 Nxf6
24.Kxg2 Qxa2 25.Bxf6 Bxf6 26.Rxe6 Rxe6 27.Re1 Rxe1 28.Nxe1 Bd4 29.Qc2 Qa3
30.Nf3 Bg7 31.Ne4 a5 32.Nfd2 Qa1 33.Nxd6 Qc3 34.Qd1 Qd3 35.N6e4 Bc3 36.Qf3 Qc2
37.f5 Bxd2 38.Qe2 Qxb3 39.Nxd2 Qb2 40.Kf3 gxf5 41.h4 Kg7 42.h5 h6 43.Kf4 Qd4+
44.Kxf5 Qf6+ 45.Ke4 Qe6+ 46.Kd3 Qd6+ 47.Kc2 Qxg3 48.Ne4 Qe5 49.Qd3 Qxh5 50.Qg3+ Qg6
51.Qe5+ Kh7 52.Kb3 Qe6 53.Qf4 a4+ 54.Kxa4 Qa6+ 55.Kb3 Qa3+ 56.Kc2 b3+ 57.Kd1 Qa1+
58.Ke2 Qa2+ 59.Ke3 b2 60.Qxf7+ Kh8 61.Nf6 Qb3+ 62.Kd2 b1=N+ 63.Ke2  1/2-1/2

[Event "ch-St Petersburg Women"]
[Site "St Petersburg RUS"]
[Date "2011.02.11"]
[Round "1"]
[White "Kushka,A"]
[Black "Kolesnikova,K"]
[Result "1-0"]
[WhiteElo "2158"]
[BlackElo "1908"]

1.d4 d6 2.Nf3 Nf6 3.c4 g6 4.g3 Bg7 5.Bg2 O-O 6.O-O Nc6 7.Nc3 a6 8.d5 Na5
9.b3 c5 10.dxc6 Ne4 11.Nxe4 Bxa1 12.Bh6 Bg7 13.Bxg7 Kxg7 14.Qd4+ Kg8 15.cxb7 Nxb7
16.Neg5 h6 17.Ne4 Qa5 18.Qe3 Kg7 19.Nd4 Qc7 20.Nc3 e6 21.f4 Bd7 22.f5 e5
23.f6+ Kh7 24.Nc2 Rab8 25.Qf2 Qc5 26.e3 Bf5 27.Ne4 Qc7 28.g4 Bxg4 29.Qh4 Bh5
30.Ng3 Rg8 31.Be4 Kh8 32.Nb4 Nc5 33.Nd5 Qd7 34.Bf3 Kh7 35.Ne7 Bxf3 36.Rxf3 g5
37.Qh5 Rg6 38.Ngf5 Rbg8 39.Rh3 Rxf6 40.Qxh6+  1-0

[Event "ch-St Petersburg S/F 2011"]
[Site "St Petersburg RUS"]
[Date "2011.02.11"]
[Round "1.11"]
[White "Serov,M"]
[Black "Kadyrov,A"]
[Result "0-1"]
[WhiteElo "2377"]
[BlackElo "2153"]

1.d4 d6 2.Nf3 Nf6 3.c4 g6 4.g3 Bg7 5.Bg2 O-O 6.O-O Nc6 7.d5 Na5 8.Nfd2 c5
9.a3 b5 10.cxb5 c4 11.Nc3 Nd7 12.Rb1 Nc5 13.Na4 Ncb3 14.Nxc4 Bf5 15.e4 Bg4
16.Qxg4 Nxc4 17.Qd1 Nxc1 18.Qxc1 Rc8 19.Bh3 f5 20.b3 Ne5 21.Qe3 fxe4 22.Qxe4 Nf3+
23.Kg2 Ng5 24.Be6+ Kh8 25.Qe3 Nxe6 26.Qxe6 Rc2 27.Rbc1 Rfxf2+ 28.Rxf2 Rxc1
29.Nb2 Bd4 30.Nd3 Rc3 31.Rf3 Rxb3 32.Nb4 Rxf3 33.Kxf3 Qf8+ 34.Ke2 Qf2+ 35.Kd3 Bf6
36.Qe3 Qf1+ 37.Qe2 Qa1 38.Qa2 Qd4+ 39.Kc2 Qc5+ 40.Kd3 Qxb5+ 41.Qc4 Qa5 42.Qb3 Kg7
43.Nc6 Qa6+ 44.Kd2 Qf1 45.Nd8 Bg5+ 46.Kc3 Qc1+ 47.Kb4 Bd2+ 48.Ka4 a6 49.Ne6+ Kh6
50.g4 Qf1 51.h4 Qh1 52.Qd3 Qd1+ 53.Qb3 Qxg4+  0-1

[Event "TCh-CAT Div Hon"]
[Site "Barcelona ESP"]
[Date "2011.02.12"]
[Round "3"]
[White "Coll Ortega,J"]
[Black "Ayza Leon,D"]
[Result "1-0"]
[WhiteElo "2283"]
[BlackElo "2189"]

1.d4 Nf6 2.c4 g6 3.g3 Bg7 4.Bg2 d6 5.Nf3 O-O 6.O-O c6 7.Nc3 Nbd7 8.e4 e5
9.h3 Qc7 10.Be3 h6 11.Qd2 Kh7 12.Rad1 Re8 13.Rfe1 a6 14.b4 Nb6 15.Bf1 Ng8
16.c5 dxc5 17.bxc5 Nd7 18.Bc4 exd4 19.Bxd4 Nf8 20.Bxg7 Kxg7 21.Qd4+ Kh7 22.Kg2 Be6
23.e5 Rad8 24.Qf4 Bxc4 25.Qxc4 Ne6 26.Ne4 Rxd1 27.Rxd1 Kg7 28.Nd6 Re7 29.Rb1 Nd8
30.h4 h5 31.Qc3 Nh6 32.Ng5 Nf5 33.Nge4 Re6 34.Nxf5+ gxf5 35.Nd6 f4 36.gxf4 Rg6+
37.Kh2 Kf8 38.Rg1 Qe7 39.Qh3 Rxg1 40.Kxg1 Qe6 41.Qxe6 Nxe6 42.Nxb7 Nxf4 43.Nd8 Nd3
44.Nxc6 Nxc5 45.Kg2 Ke8 46.f4 Kd7 47.Nd4 Ke7 48.Kf3 f6 49.Nf5+ Kf7 50.exf6 Kxf6
51.Ng3 Kg6 52.f5+ Kh6 53.Ke3 a5 54.Kd4 Nd7 55.Kc4 Ne5+ 56.Kb5 Nf3 57.Kxa5 Nxh4
58.Kb6 Nf3 59.Nxh5 Kxh5 60.a4 Ne5 61.Kc5 Nd3+ 62.Kd6 Kg5 63.a5 Nb4 64.Ke6 Nc6
65.f6 Kg6 66.a6 Nd4+ 67.Kd5 Nb5 68.Ke6 Nd4+ 69.Ke7 Nc6+ 70.Kd6 Nd4 71.Kc5 Ne6+
72.Kb6  1-0

[Event "1st Open"]
[Site "Cento ITA"]
[Date "2011.02.12"]
[Round "8"]
[White "De Andres Gonalons,F"]
[Black "Umudova,N"]
[Result "1-0"]
[WhiteElo "2084"]
[BlackElo "2246"]

1.d4 Nf6 2.c4 g6 3.g3 Bg7 4.Bg2 O-O 5.Nf3 d6 6.O-O Nc6 7.Nc3 a6 8.Bg5 h6
9.d5 Na5 10.Bxf6 Bxf6 11.Qd3 c5 12.a4 Qb6 13.Rfb1 Qb4 14.Nd2 Bd7 15.Ra3 Bxc3
16.Qxc3 b6 17.Qc2 Kh7 18.Rba1 Rae8 19.h4 Bf5 20.e4 Bc8 21.Bf1 e6 22.Nb1 Nb7
23.Nc3 Qa5 24.dxe6 Bxe6 25.Rd1 Kg7 26.Be2 h5 27.Qc1 f6 28.Rb3 Bf7 29.Qf4 Re5
30.Kg2 Bg8 31.Bd3 Nd8 32.Nd5 Bxd5 33.exd5 Qxa4 34.Bc2 Re2 35.Qc1 Qxc4 36.Rc3 Qb4
37.Rb3 Qc4 38.Rc3 Qg4 39.Bd3 Rxb2 40.Re1 Ra2 41.Re4 Qd7 42.Qb1 Ra4 43.Rxa4 Qxa4
44.Bxg6 Qd4 45.Bxh5 f5 46.Re3 c4 47.Re7+ Kf6 48.Rd7 Qe4+ 49.Qxe4 fxe4 50.Rxd6+ Ke5
51.Rxb6 c3 52.Bd1 Kxd5 53.Rxa6 Nc6 54.Bc2 Re8 55.h5 Nd4 56.Bd1 c2 57.Bxc2 Nxc2
58.g4 Rg8 59.Kg3 Nd4 60.Ra5+ Kd6 61.g5 Rf8 62.h6 Ke6 63.Ra6+ Kf5 64.g6 Ne6
65.g7 Rg8 66.Rxe6 Kxe6 67.Kf4  1-0

[Event "1st Open"]
[Site "Cento ITA"]
[Date "2011.02.12"]
[Round "9"]
[White "Jakovljevic,Vlado"]
[Black "Valguarnera,G"]
[Result "1-0"]
[WhiteElo "2394"]
[BlackElo "2164"]

1.Nf3 Nf6 2.c4 g6 3.g3 Bg7 4.d4 O-O 5.Bg2 d6 6.O-O Nbd7 7.Nc3 e5 8.e4 exd4
9.Nxd4 Re8 10.h3 c6 11.Be3 Nc5 12.Qc2 Qc7 13.Rad1 Bd7 14.Rd2 Rad8 15.Rfd1 Bc8
16.Bg5 h6 17.Ndb5 cxb5 18.Bxf6 bxc4 19.Nd5 Qa5 20.Bxg7 Kxg7 21.b4 cxb3 22.Qb2+ Re5
23.axb3 f6 24.Nxf6 Qb6 25.Rxd6 Rxd6 26.Rxd6 Nd3 27.Ne8+ Kg8 28.Rxd3 Rxe8
29.Qd2 Kh7 30.Rd7+ Kg8 31.Rd6 Qxb3 32.Rxg6+ Kf7 33.Qxh6 Qd1+ 34.Kh2 Ke7 35.Rg7+ Kd8
36.Qf6+  1-0

[Event "ch-St Petersburg S/F 2011"]
[Site "St Petersburg RUS"]
[Date "2011.02.13"]
[Round "3.15"]
[White "Serov,M"]
[Black "Fateev,M"]
[Result "1-0"]
[WhiteElo "2377"]
[BlackElo "2102"]

1.Nf3 Nf6 2.g3 g6 3.Bg2 Bg7 4.d4 O-O 5.c4 d6 6.O-O Nbd7 7.Qc2 c6 8.Rd1 Qc7
9.Nc3 e5 10.b3 Re8 11.e4 a5 12.Bb2 exd4 13.Nxd4 Nc5 14.Rd2 Bh6 15.f4 Ng4
16.Re1 Qb6 17.h3 Nf6 18.Kh2 Nh5 19.Nde2 Qc7 20.Bf3 Be6 21.Bxh5 gxh5 22.f5 Bc8
23.Rdd1 Nd7 24.Nf4 Ne5 25.Qf2 h4 26.Rg1 f6 27.Nh5 Qf7 28.g4 Qe7 29.Nxf6+ Qxf6
30.g5 Bxg5 31.Rxg5+ Kh8 32.Rdg1 Bd7 33.Kh1 Rg8 34.Qxh4 Rg7 35.Ne2 h6 36.R5g4 Qxh4
37.Rxh4 Rxg1+ 38.Nxg1 Kh7 39.Bxe5 dxe5 40.Nf3 Re8 41.c5 Re7 42.f6 Re8 43.f7 Rf8
44.Nxe5 Be6 45.Rf4 Bxh3 46.Nc4 a4 47.bxa4 Be6 48.Nd6 Bxa2 49.Nxb7 Rxf7 50.Rxf7+ Bxf7
51.Nd6 Bh5 52.Kg2 Be2 53.Nf5 Bd1 54.a5 Be2 55.Kg3 Bb5 56.Nd4 Ba6 57.Nxc6 Kg7
58.Nb4 Bc8 59.a6 Kf7 60.a7  1-0

[Event "ch-POL"]
[Site "Warsaw POL"]
[Date "2011.02.14"]
[Round "3"]
[White "Krysztofiak,M"]
[Black "Markowski,T"]
[Result "0-1"]
[WhiteElo "2449"]
[BlackElo "2625"]

1.d4 Nf6 2.c4 g6 3.Nf3 Bg7 4.g3 O-O 5.Bg2 d6 6.O-O Nc6 7.Nc3 a6 8.b3 Rb8
9.Nd5 Ne8 10.Bb2 e6 11.Ne3 Bd7 12.Qd2 Ne7 13.d5 e5 14.c5 Bh6 15.Qc3 Nf6 16.Rad1 Nf5
17.Nxf5 Bxf5 18.Nd2 Bg7 19.e4 Bg4 20.Rc1 Ne8 21.Nc4 b6 22.cxb6 cxb6 23.Qd2 Bd7
24.f4 Bb5 25.fxe5 Bxc4 26.Rxc4 Bxe5 27.Bxe5 dxe5 28.Rc6 Nd6 29.a4 a5 30.b4 b5
31.bxa5 bxa4 32.Ra1 Nb5 33.Rxa4 Nd4 34.Rc1 Nb3 35.Qe3 Nxc1 36.Qxc1 Rb5 37.Qc3 Rb1+
38.Bf1 Qf6 39.Qd3 Rfb8 40.Ra2 R8b3 41.Rf2 Rxd3 42.Rxf6 Kg7 43.Rf2 Ra3 44.Kg2 Rxa5
45.Rd2 Rb4 46.d6 Ra8 47.Kf3 Kf6 48.Ke3 Ra3+ 49.Kf2 Rd4 50.Rxd4 exd4 51.Bc4 Ra7  0-1

[Event "ch-ROU Men"]
[Site "Sarata Monteoru ROU"]
[Date "2011.02.16"]
[Round "6.41"]
[White "Pisu,R"]
[Black "Secheres,Al"]
[Result "1-0"]
[WhiteElo "1965"]
[BlackElo "1843"]

1.d4 Nf6 2.c4 g6 3.Nf3 Bg7 4.g3 O-O 5.Bg2 d6 6.O-O c6 7.Nc3 Bf5 8.Nh4 Qc8
9.Nxf5 Qxf5 10.e4 Qd7 11.h3 e5 12.Be3 Qe7 13.g4 Nbd7 14.f4 exd4 15.Bxd4 Ne8
16.Bxg7 Nxg7 17.f5 g5 18.Qd2 f6 19.Rad1 Ne5 20.b3 Rfd8 21.Bf3 Kf7 22.h4 h6
23.Kg2 Rd7 24.hxg5 hxg5 25.Rh1 Rg8 26.Rh7 Ke8 27.Ne2 Nxf3 28.Kxf3 Qe5 29.Rdh1 d5
30.exd5 cxd5 31.Qe3 Qxe3+ 32.Kxe3 dxc4 33.bxc4 Re7+ 34.Kd3 Kf7 35.Rh8 Rd7+
36.Nd4 Rgd8 37.Rxd8 Rxd8 38.c5 Rc8 39.Kc4 Ne8 40.Rh7+ Kg8 41.Rd7 Nc7 42.Ne6 Nxe6
43.fxe6 b6 44.Kd5 bxc5 45.e7 Re8 46.Ke6  1-0

[Event "ch-St Petersburg S/F 2011"]
[Site "St Petersburg RUS"]
[Date "2011.02.17"]
[Round "7.9"]
[White "Duzhakov,I"]
[Black "Serov,M"]
[Result "1-0"]
[WhiteElo "2303"]
[BlackElo "2377"]

1.d4 Nf6 2.Nf3 g6 3.c4 Bg7 4.g3 O-O 5.Bg2 d6 6.O-O c6 7.Nc3 Bf5 8.Re1 Ne4
9.Nd2 Nxc3 10.bxc3 Na6 11.a4 Rb8 12.Ba3 Qc7 13.Qb3 e5 14.e3 Rfd8 15.Red1 Qe7
16.h3 h5 17.Re1 g5 18.Rad1 e4 19.Qb1 Re8 20.f3 Qd7 21.g4 hxg4 22.hxg4 Bg6
23.fxe4 c5 24.Bf3 Qxa4 25.Bb2 Re7 26.Qd3 Rbe8 27.Kf2 Qd7 28.Ra1 Qc8 29.Ra3 Bf6
30.Rh1 Kg7 31.Qf1 Rh8 32.Rxh8 Qxh8 33.Qh1 Qh4+ 34.Ke2 Qh8 35.Qxh8+ Kxh8 36.Kd3 Kg7
37.Nf1 Kf8 38.Ng3 Ke8 39.Ra5 Kd8 40.Ba3 Kc7 41.Nf5 Rd7 42.Ke2 Rd8 43.Bc1 Rh8
44.Bd2 Rh2+ 45.Kd3 Rh3 46.Ke2 Rh2+ 47.Ke1 Rh8 48.Kf1 Re8 49.Be1 Bxf5 50.gxf5 g4
51.Bg2 Bg5 52.Ke2 f6 53.Bg3 Kd7 54.e5 fxe5 55.dxe5 Bd8 56.e6+ Kc7 57.Ra1 Bf6
58.Kd2 Re7 59.Ra2 Rh7 60.Kd3 Nb8 61.Rxa7 Nc6 62.Bxc6 Kxc6 63.Ra8  1-0

[Event "ch-St Petersburg S/F 2011"]
[Site "St Petersburg RUS"]
[Date "2011.02.17"]
[Round "7.14"]
[White "Orlov,O2"]
[Black "Kadyrov,A"]
[Result "1-0"]
[WhiteElo "2317"]
[BlackElo "2153"]

1.Nf3 Nf6 2.c4 g6 3.d4 Bg7 4.g3 O-O 5.Bg2 d6 6.O-O Nc6 7.d5 Na5 8.Nfd2 Nd7
9.a3 c6 10.Ra2 Ne5 11.b3 cxd5 12.cxd5 b5 13.h3 Qb6 14.Bb2 Bb7 15.Kh2 Rac8
16.Nf3 Nxf3+ 17.exf3 Bxb2 18.Rxb2 b4 19.axb4 Qxb4 20.Re1 Rc7 21.Re4 Qb5 22.Rd4 Rfc8
23.Qe1 Nc4 24.Qe2 Qb6 25.Rxc4 Ba6 26.Rxc7 Rxc7 27.Qe3  1-0

[Event "ch-ROU Women"]
[Site "Sarata Monteoru ROU"]
[Date "2011.02.18"]
[Round "7.9"]
[White "Dragomirescu,An"]
[Black "Bogdan,El"]
[Result "1-0"]
[WhiteElo "2174"]
[BlackElo "1834"]

1.d4 Nf6 2.Nf3 g6 3.c4 Bg7 4.g3 O-O 5.Bg2 d6 6.O-O c6 7.Nc3 Bf5 8.Ne1 Qc8
9.e4 Bh3 10.f3 Bxg2 11.Kxg2 e5 12.Be3 Rd8 13.d5 Ne8 14.Rc1 f5 15.Nd3 Nf6
16.b4 fxe4 17.Nxe4 Qf5 18.Ndf2 cxd5 19.Nxf6+ Qxf6 20.Qxd5+ Qf7 21.Rfd1 Nc6
22.b5 Qxd5 23.Rxd5 Ne7 24.Rd3 h6 25.g4 a6 26.a4 axb5 27.axb5 Ra4 28.Bc5 Nc8
29.Ne4 Bf8 30.Be3 Kf7 31.Nc5 Ra7 32.Ne4 Ra4 33.Nc5 Ra7 34.Kg3 b6 35.Na6 Rdd7
36.Rf1 Ke6 37.Rfd1 Rdb7 38.h4 Rf7 39.Bc1 Rfd7 40.Ba3 Rxa6 41.bxa6 Ra7 42.Bb4 Rxa6
43.Ra3 Rxa3 44.Bxa3 Kd7 45.Bb4 Kc6 46.f4 exf4+ 47.Kxf4 b5 48.cxb5+ Kxb5 49.Ba3 Kc6
50.h5 gxh5 51.gxh5 Nb6 52.Kf5 Nc4 53.Kg6 Ne5+ 54.Kh7 Kd7 55.Rf1 Be7 56.Kxh6 Ke6
57.Kg7 Ng4 58.Re1+ Kd7 59.Bb2 d5 60.h6 Nxh6 61.Kxh6 Bb4 62.Rd1 Ke6 63.Kg5 Bd6
64.Re1+ Kd7 65.Kf5 Bg3 66.Re3 Bf2 67.Re2 Bc5 68.Ke5 Kc6 69.Rc2 Kb5 70.Kxd5 Bf8
71.Bd4 Ka4 72.Kc4  1-0

[Event "US Amateur Team-ch East"]
[Site "Parsippany USA"]
[Date "2011.02.21"]
[Round "6"]
[White "Ippolito,D"]
[Black "Minear,P"]
[Result "1-0"]
[WhiteElo "2478"]
[BlackElo "2253"]

1.d4 Nf6 2.c4 g6 3.Nf3 Bg7 4.g3 O-O 5.Bg2 d6 6.O-O Nbd7 7.Nc3 e5 8.e4 a6
9.h3 b5 10.Qe2 Rb8 11.Rd1 Qe7 12.Nd5 Nxd5 13.cxd5 Bb7 14.a4 b4 15.Bg5 Bf6
16.Bxf6 Nxf6 17.dxe5 dxe5 18.Nd2 a5 19.Nb3 Ra8 20.Rdc1 Rfb8 21.Rc5 Ne8 22.Qc2 Qd7
23.Nxa5 Ba6 24.Nc6 Rb7 25.Nxe5 Qd6 26.Ng4 h5 27.e5 Qe7 28.Nf6+ Nxf6 29.exf6 Qxf6
30.d6 Qxd6 31.Rc6 b3 32.Qe4 Qd2 33.Rxa6 Rxa6 34.Qe8+ Kg7 35.Qe5+ f6 36.Qe7+ Kh6
37.Bxb7 Qxb2 38.Qf8+ Kg5 39.f4+ Kf5 40.Qc5+ Ke6 41.Re1+  1-0

[Event "e2e4.org.uk Brighton Challengers C"]
[Site "Brighton ENG"]
[Date "2011.02.23"]
[Round "1"]
[White "Campbell,E"]
[Black "Kennedy,C"]
[Result "0-1"]
[WhiteElo "1943"]
[BlackElo "2022"]

1.Nf3 g6 2.c4 Bg7 3.d4 d6 4.g3 Nf6 5.Bg2 O-O 6.O-O c6 7.Nc3 Qa5 8.e4 Qh5
9.e5 dxe5 10.dxe5 Nfd7 11.Bf4 Nc5 12.h3 Bxh3 13.Bxh3 Qxh3 14.Ng5 Qf5 15.Qf3 Ne6
16.Nce4 h6 17.Nxe6 fxe6 18.Qh1 Nd7 19.Rfe1 g5 20.Bc1 Nxe5 21.f4 Ng4 22.fxg5 Bd4+
23.Kg2 Bf2 24.Nxf2 Nxf2 25.Qxh6 Qf3+ 26.Kg1 Qxg3+  0-1

[Event "31st TCh-IND 2011"]
[Site "Kochi IND"]
[Date "2011.02.25"]
[Round "6"]
[White "Shantharam,K"]
[Black "Anilkumar,O"]
[Result "1-0"]
[WhiteElo "2091"]
[BlackElo "2245"]

1.Nf3 g6 2.d4 Bg7 3.c4 Nf6 4.g3 d6 5.Bg2 O-O 6.O-O c6 7.Nc3 Nbd7 8.Qc2 Qc7
9.h3 Re8 10.e4 e5 11.Be3 Nf8 12.Rfd1 h6 13.c5 dxc5 14.dxc5 Be6 15.b4 g5 16.Nd2 Ng6
17.Nb3 Kh7 18.Kh2 Rg8 19.b5 Bf8 20.b6 Qc8 21.Na4 a6 22.f3 g4 23.fxg4 Bxg4
24.Rf1 Qe6 25.Rxf6 Qxf6 26.hxg4 Rd8 27.Na5 Qe7 28.Nb2 Nh8 29.Nbc4 f6 30.Nd6 Rd7
31.Bh3 Nf7 32.Nxf7 Qxf7 33.g5 hxg5 34.Bxd7 Qxd7 35.Kg2 Rg7 36.Rh1+ Kg8 37.Qb3+ Rf7
38.Qd1 Qe6 39.Qe2 Rd7 40.Qc4 Qxc4 41.Nxc4 Kf7 42.Rh7+ Bg7 43.Nd6+ Kg6 44.Rh1 Bf8
45.Rd1 g4 46.Rd2 Bxd6 47.cxd6 f5 48.exf5+ Kxf5 49.Bc5 Ke4 50.Kf2 a5 51.Ke2 a4
52.a3 Kf5 53.Ke3 e4 54.Rh2 Ke6 55.Kxe4 Rf7 56.Rh6+ Kd7 57.Rg6 Rf1 58.Rg7+ Kd8
59.Rxb7 Rc1 60.Be3  1-0

[Event "11th Mediterranean Flower WGM"]
[Site "Rijeka CRO"]
[Date "2011.02.26"]
[Round "1.5"]
[White "Medic,Mir"]
[Black "Agrest,I"]
[Result "1-0"]
[WhiteElo "2279"]
[BlackElo "2170"]

1.d4 Nf6 2.Nf3 g6 3.c4 Bg7 4.g3 O-O 5.Bg2 d6 6.O-O Nbd7 7.Nc3 e5 8.h3 Re8
9.e4 exd4 10.Nxd4 a6 11.Be3 Rb8 12.Rc1 Ne5 13.b3 Bd7 14.Qc2 Qc8 15.Kh2 c5
16.Nde2 h5 17.Rcd1 h4 18.Bc1 Nc6 19.Bf4 Nd4 20.Nxd4 cxd4 21.Ne2 Qc5 22.Nxd4 hxg3+
23.fxg3 Qh5 24.Rfe1 Rbd8 25.Qe2 Bg4 26.Nf3 Rxe4 27.Qd3 Bf5 28.Qf1 Rxe1 29.Rxe1 a5
30.Kg1 Bd7 31.Ng5 Bc6 32.Re7 Rf8 33.Qe1 Qh8 34.Bxc6 bxc6 35.Bxd6 Nh5 36.Rxf7 Bd4+
37.Kg2 Rd8 38.Qe7  1-0

[Event "61st ch-RUS w 1st League"]
[Site "Ivanovo RUS"]
[Date "2011.02.27"]
[Round "7"]
[White "Tomilova,E"]
[Black "Schepetkova,M"]
[Result "1-0"]
[WhiteElo "2315"]
[BlackElo "2148"]

1.d4 Nf6 2.c4 g6 3.Nf3 Bg7 4.g3 O-O 5.Bg2 d6 6.O-O Nc6 7.Nc3 a6 8.b3 Rb8
9.Nd5 Nd7 10.Bb2 b5 11.Rc1 Bb7 12.Qd2 Na7 13.Ne3 c5 14.dxc5 Bxb2 15.Qxb2 Nxc5
16.Rfd1 b4 17.Nd5 Nc6 18.Qd2 f6 19.h4 a5 20.Qe3 Rf7 21.Bh3 Bc8 22.Bxc8 Qxc8
23.Nd4 Nxd4 24.Qxd4 a4 25.Qe3 e6 26.Nf4 axb3 27.axb3 Qc6 28.Ra1 f5 29.h5 gxh5
30.Nxe6 Nxe6 31.Qxe6 Re8 32.Qxd6 Qxd6 33.Rxd6 f4 34.gxf4 Rxe2 35.Rb6 Rxf4
36.Ra8+ Kf7 37.Ra7+ Kf8 38.Rb8+ Re8 39.Rxb4 h4 40.Rxh7 Kg8 41.Rd7 h3 42.Rd2 Kh8
43.Rb5 Rf3 44.Kh2 Kh7 45.Rh5+  1-0

[Event "61st ch-RUS w 1st League"]
[Site "Ivanovo RUS"]
[Date "2011.03.01"]
[Round "9"]
[White "Fominykh,M"]
[Black "Petrova,O"]
[Result "0-1"]
[WhiteElo "2306"]
[BlackElo "2230"]

1.d4 Nf6 2.c4 g6 3.g3 Bg7 4.Bg2 d6 5.Nf3 O-O 6.Nc3 Nc6 7.O-O e5 8.d5 Ne7
9.e4 Nd7 10.Ne1 f5 11.Nd3 Nf6 12.Bg5 h6 13.Bxf6 Bxf6 14.f4 Bg7 15.fxe5 dxe5
16.Qe2 g5 17.exf5 Nxf5 18.g4 Nd4 19.Rxf8+ Qxf8 20.Qe4 Bd7 21.Rf1 Qe7 22.Kh1 Kh8
23.c5 Re8 24.d6 cxd6 25.Nd5 Qd8 26.Rf7 Rf8 27.Re7 Bc6 28.cxd6 Qxd6 29.N3b4 a5
30.Nxc6 bxc6 31.Rxg7 Kxg7 32.Ne3 Qc5 33.Bf1 Rf4 34.Qb1 Rf3 35.Qe4 Qc1 36.Qxe5+ Kf7
37.Qc7+ Ke6 38.Qc8+ Ke5 39.Nc4+ Kf4 40.Qf8+ Kxg4 41.Ne5+ Kh5 42.Qe8+ Kh4
43.Nxf3+ Nxf3 44.Qe4+ g4 45.Qe7+ Kh5 46.Qe8+ Kg5 47.Qe7+ Kf5 48.Qf7+ Ke4
49.Qg6+ Ke5 50.Qg7+ Kf5 51.Qf7+ Kg5 52.Qe7+ Kh5 53.Qf7+ Kh4 54.Qf6+ Qg5 55.Qxc6 Qf4
56.Qc2 Qe3 57.Qg2 h5 58.Qg3+ Kg5 59.h3 Qe4 60.Qg2 Kf4 61.Be2 Qb1+ 62.Bf1 g3
63.b3 h4 64.Qe2 Qc1 65.a3 Qd2 66.Qc4+ Nd4 67.Bg2 Qd1+ 68.Bf1 Qd2 69.Bg2 Qd1+
70.Bf1 Ke3  0-1

[Event "27th Open"]
[Site "Cappelle la Grande FRA"]
[Date "2011.03.03"]
[Round "7.23"]
[White "Arutinian,D"]
[Black "Nilsson,S"]
[Result "1-0"]
[WhiteElo "2578"]
[BlackElo "2344"]

1.d4 Nf6 2.c4 g6 3.Nf3 Bg7 4.g3 O-O 5.Bg2 d6 6.O-O c6 7.Nc3 Qa5 8.e4 e5 9.h3 exd4
10.Nxd4 Nfd7 11.Nce2 Na6 12.Bf4 Ne5 13.b3 Nc5 14.Qc2 Re8 15.Rfd1 Qc7 16.Be3 a5
17.f4 Ned7 18.Bf2 Nf6 19.Nc3 Qe7 20.Re1 h5 21.Rad1 Bd7 22.a3 Rad8 23.b4 axb4
24.axb4 Na6 25.Qb1 Bh6 26.b5 Nb8 27.Nf3 Be6 28.Qd3 Bf8 29.bxc6 bxc6 30.f5 Bc8
31.fxg6 fxg6 32.e5 Bf5 33.exf6 Qxe1+ 34.Nxe1 Bxd3 35.Nxd3 Bh6 36.Nb4 Rf8
37.Nxc6 Nxc6 38.Bxc6 Rxf6 39.Ne4  1-0

[Event "TCh-CZE 2010-11"]
[Site "Czech Rep CZE"]
[Date "2011.03.06"]
[Round "9.7"]
[White "Mozny,M"]
[Black "Firt,S"]
[Result "1/2-1/2"]
[WhiteElo "2379"]
[BlackElo "2330"]

1.d4 Nf6 2.Nf3 g6 3.g3 Bg7 4.Bg2 O-O 5.c4 d6 6.Nc3 c6 7.O-O Qa5 8.h3 Be6
9.Qd3 Qa6 10.b3 d5 11.Ne5 Nbd7 12.cxd5 Qxd3 13.Nxd3 Nxd5 14.Nxd5 Bxd5 15.Bb2 Bxg2
16.Kxg2 Rfd8 17.Rfd1 a5 18.a4 Nb6 19.e3 e6 20.Ba3 Nd5 21.Rac1 Bf8 22.Bxf8  1/2-1/2

[Event "Frauenbundesliga 1st Div 2010-11"]
[Site "Germany GER"]
[Date "2011.03.13"]
[Round "11.6"]
[White "Kubikova,H"]
[Black "Stemmler,L"]
[Result "1-0"]
[WhiteElo "2139"]
[BlackElo "1835"]

1.d4 Nf6 2.Nf3 g6 3.c4 d6 4.g3 Bg7 5.Bg2 O-O 6.O-O Nc6 7.Nc3 e5 8.dxe5 Nxe5
9.Nxe5 dxe5 10.Qxd8 Rxd8 11.Bg5 Rd4 12.b3 c6 13.Rad1 h6 14.Be3 Rxd1 15.Rxd1 Be6
16.h3 Bf8 17.g4 Bb4 18.Na4 Nd7 19.Bxh6 f5 20.gxf5 gxf5 21.Bd2 Be7 22.Bc3 Kf7
23.Nb2 Rg8 24.Nd3 Bf6 25.Bb4 Bg5 26.Bd6 Bf6 27.Kh2 e4 28.Nf4 Be5 29.Bxe5 Nxe5
30.Rd6 Bc8 31.e3 Ke7 32.Rd4 c5 33.Rd5 Nc6 34.Rxc5 Nb4 35.a3 b6 36.Rc7+ Kd6
37.Rxa7 Nd3 38.Kg1 Ne1 39.Kf1 Nc2 40.Nd5 Kc6 41.Ne7+  1-0

[Event "ch-FRA Rapid 2011"]
[Site "Nancy FRA"]
[Date "2011.03.13"]
[Round "4"]
[White "Harikrishna,P"]
[Black "Carrillo,J"]
[Result "1-0"]
[WhiteElo "2665"]
[BlackElo "2127"]

1.d4 Nf6 2.c4 g6 3.g3 Bg7 4.Bg2 d6 5.Nf3 O-O 6.O-O Nc6 7.Nc3 Bf5 8.d5 Na5
9.Nd4 Bd7 10.b3 c5 11.dxc6 Nxc6 12.Bb2 Nxd4 13.Qxd4 Bc6 14.Nd5 Nh5 15.Qd2 e6
16.Bxg7 Nxg7 17.Nc3 Bxg2 18.Kxg2 Qf6 19.Rfd1 Rfd8 20.Rac1 Nf5 21.Qf4 Kg7
22.Rd3 Qe5 23.Qxe5+ dxe5 24.Rcd1 Rxd3 25.Rxd3 a6 26.Rd7 Rb8 27.Ne4 b6 28.Ng5 Kf6
29.Nxh7+ Kg7 30.Ng5 Kf6 31.h4 Nh6 32.Ne4+ Kg7 33.Nd6 a5 34.f3 Kf6 35.g4  1-0

[Event "ch-PriFO A"]
[Site "Tolyatti RUS"]
[Date "2011.03.13"]
[Round "4.22"]
[White "Konnov,O"]
[Black "Korchmar,V"]
[Result "0-1"]
[WhiteElo "2334"]
[BlackElo "2232"]

1.d4 Nf6 2.c4 g6 3.Nf3 Bg7 4.g3 O-O 5.Bg2 d6 6.Nc3 Nc6 7.O-O a6 8.b3 Rb8
9.Nd5 Nh5 10.Bb2 e6 11.Ne3 Ne7 12.Rc1 b6 13.Qc2 Bb7 14.Rfd1 Bh6 15.Qc3 f5
16.d5 e5 17.Rb1 Nf6 18.Nf1 Bc8 19.b4 f4 20.Nxe5 dxe5 21.Qxe5 Nf5 22.gxf4 Bg7
23.Qc3 Qe7 24.Qc2 Nh4 25.Ng3 Nxg2 26.Kxg2 Qd7 27.Kh1 Ng4 28.e3 Qe7 29.Rg1 Nxh2
30.Kxh2 Qh4+ 31.Kg2 Qh3+ 32.Kf3 Bg4+ 33.Ke4 Bf5+ 34.Nxf5 Qxf5+  0-1

[Event "ch-Moscow S/F 2011"]
[Site "Moscow RUS"]
[Date "2011.03.15"]
[Round "2"]
[White "Volodin,V"]
[Black "Ulko,J"]
[Result "0-1"]
[WhiteElo "2207"]
[BlackElo "2476"]

1.Nf3 Nf6 2.c4 g6 3.d4 Bg7 4.g3 O-O 5.Bg2 d6 6.O-O Nc6 7.Nc3 a6 8.d5 Na5
9.Nd2 c5 10.Qc2 Rb8 11.b3 b5 12.Rb1 e5 13.Bb2 h5 14.Rbe1 h4 15.e4 hxg3 16.hxg3 bxc4
17.bxc4 Bh6 18.Ncb1 Ng4 19.Bc3 f5 20.Qa4 Nb7 21.exf5 Bxf5 22.Ne4 Qe7 23.Bd2 Qh7  0-1

[Event "ch-Moscow S/F 2011"]
[Site "Moscow RUS"]
[Date "2011.03.17"]
[Round "3"]
[White "Yudin,I"]
[Black "Gavrilov,Al1"]
[Result "1/2-1/2"]
[WhiteElo "2275"]
[BlackElo "2486"]

1.d4 Nf6 2.c4 g6 3.Nf3 Bg7 4.g3 O-O 5.Bg2 d6 6.Nc3 Nc6 7.O-O Bf5 8.d5 Na5
9.Nd4 Bd7 10.Qd3 c5 11.Nc2 a6 12.b3 b5 13.f4 Rb8 14.Bd2 e6 15.Rab1 Re8 16.dxe6 Bxe6
17.Ne3 Ng4 18.Ned5 bxc4 19.bxc4 Rxb1 20.Rxb1 Bf5 21.Ne4 Nc6 22.h3 Nh6 23.e3 Bxe4
24.Bxe4 Ne7 25.Rb7 Nxd5 26.Bxd5 Re7 27.Qb3 Rxb7 28.Qxb7 Qf6 29.Qc8+ Bf8 30.Qxa6 Nf5
31.Kf2 h5 32.Qa3 Bg7 33.Qd3 Qa1 34.Qc2 h4 35.g4 Ng3 36.Bc1 Kf8 37.Bg2 Bf6
38.Qd2 Kg7 39.Qc2 Bc3 40.Bf3 Bf6 41.Bc6 Kh7 42.a4 Bc3 43.Bg2 Kg8 44.Bd5 Kf8
45.Bc6 Kg8 46.Bd5 Kf8 47.Bc6 Kg8 48.Bd5  1/2-1/2

[Event "ch-PriFO A"]
[Site "Tolyatti RUS"]
[Date "2011.03.18"]
[Round "9.23"]
[White "Skomorokhin,R"]
[Black "Vasiliev,Vladis"]
[Result "1-0"]
[WhiteElo "2415"]
[BlackElo "2206"]

1.d4 Nf6 2.c4 g6 3.Nf3 Bg7 4.g3 O-O 5.Bg2 d6 6.O-O Nbd7 7.Qc2 e5 8.Rd1 Re8
9.e4 exd4 10.Nxd4 a6 11.f3 Rb8 12.Be3 Qe7 13.Nc3 c5 14.Nde2 Ne5 15.Nf4 Qf8
16.b3 b5 17.cxb5 axb5 18.Qd2 b4 19.Na4 g5 20.Nd3 Nfd7 21.Nxe5 Nxe5 22.Bxg5 f5
23.Bf4 fxe4 24.fxe4 Bg4 25.Rf1 Qe7 26.Nb2 Rf8 27.Rac1 Ra8 28.Nc4 Nxc4 29.Rxc4 Ra6
30.e5 dxe5 31.Bg5 Rxf1+ 32.Bxf1 Qd7 33.Rxg4 Qxg4 34.Bxa6 h5 35.Qd5+ Kh8 36.Qa8+ Kh7
37.Bd3+  1-0